000 00385nam a22001577a 4500
003 OSt
005 20211008101600.0
008 211008b |||||||| |||| 00| 0 eng d
020 _a8175345462
040 _aHU
_cDDC
082 _a342.02
245 _aSELECT CONSTITUTIONS OF THE WORLD
260 _aNEWDELHI
_bUNIVERSAL LAW
_c2006
300 _aviii,888,P,32CM
942 _2ddc
_cBOOKS
_n0
999 _c10695
_d10695